Pokémon-Les Tours - Statistiques

Statistiques générales
  • Ce quiz a été pris 16 fois
  • Le résultat moyen est 8 sur 20
Statistiques - réponses
Localisation Nom de la Tour % Correct
Johto Tour Cendrée
100%
Johto Tour Carillon
92%
Johto Tour Chétiflor
62%
Johto (Cristal) Tour de Combat
62%
Hoenn Tour de Combat
62%
Sinnoh Tour de Combat
62%
Galar Tour de Combat
62%
Kanto Tour Pokémon
62%
Unys Tour Dragospire
46%
Kalos Tour Prismatique
38%
Galar (Isolarmure) Tour de l'Eau
31%
Galar (Isolarmure) Tour des Ténèbres
31%
Johto (HGSS) Tour Enfouie
23%
Kalos Tour Maîtrise
23%
Johto Tour Radio de Doublonville
23%
Hoenn Tour Mirage
15%
Unys Tour des Cieux
8%
Sinnoh Tour Perdue
8%
Iles Sevii Tour Dresseurs
0%
Unys Tour Union
0%
Aucun quiz correspondant
Distribution des résultats
% des personnes avec chaque résultat
Percentile par nombre de réponses
Votre historique - résultats
Vous n’avez pas pris ce quiz